Sin-Suerte (Record no. 162420)

MARC details
000 -LEADER
campo de control de longitud fija 00812nam a22002055i 4500
001 - NÚMERO DE CONTROL
campo de control 162420
003 - IDENTIFICADOR DE NÚMERO DE CONTROL
campo de control ES-MaACL
005 - FECHA Y HORA DE LA ÚLTIMA TRANSACCIÓN
campo de control 20230906212524.0
008 - DATOS DE LONGITUD FIJA--INFORMACIÓN GENERAL
campo de control de longitud fija 001213s1872 sp |||| | spa d
040 ## - FUENTE DE CATALOGACIÓN
Centro catalogador/agencia de origen EXT
Lengua de catalogación spa
Centro/agencia transcriptor EXT
100 0# - ENTRADA PRINCIPAL--NOMBRE DE PERSONA
Nombre de persona Ponson du Terrail, Pierre Alexis de.
9 (RLIN) 93038
245 10 - MENCIÓN DEL TÍTULO
Título Sin-Suerte
Resto del título : historia de un niño perdido /
Mención de responsabilidad, etc. por Ponson du Terrail ; traducida por O. F. M.
260 ## - PUBLICACIÓN, DISTRIBUCIÓN, ETC.
Lugar de publicación, distribución, etc. Madrid :
Nombre del editor, distribuidor, etc. [s.n.],
Fecha de publicación, distribución, etc. 1872 (
Fabricante Imprenta de La Correspondencia de España)
300 ## - DESCRIPCIÓN FÍSICA
Extensión 188 p. ;
Dimensiones 22 cm.
490 1# - MENCIÓN DE SERIE
Mención de serie Biblioteca de "La Correspondencia de España"
500 ## - NOTA GENERAL
Nota general Texto a dos columnas.
830 0# - PUNTO DE ACCESO ADICIONAL DE SERIE-TÍTULO UNIFORME
Título uniforme Biblioteca de "La Correspondencia de España"
9 (RLIN) 182488
852 ## - LOCALIZACIÓN
Ubicación ES-MaACL
Número de control de estantería T-673-F-2
Nota libre -- Enc. hol.
condición física -- Falto de la cub. original
Nota libre -- Enc. en un vol. facticio
Holdings
Estatus retirado Estado de pérdida Estado de daño No para préstamo Colección Biblioteca de origen Biblioteca actual Ubicación en estantería Fecha de adquisición Total de préstamos Signatura topográfica completa Código de barras Visto por última vez Precio de reemplazo Tipo de ítem Koha
        Colección de folletos Biblioteca del Ateneo de Madrid Biblioteca del Ateneo de Madrid Depósito folletos 17/01/2008   T-673-F-2 1170156 23/02/2023 23/02/2023 Folleto